Ξενοδοχειάκη Λογιστική (Record no. 2159)
[ view plain ]
| 000 -LEADER | |
|---|---|
| fixed length control field | 03867cam a22002054a 4500 |
| 005 - ΗΜΕΡΟΜΗΝΙΑ ΚΑΙ ΩΡΑ ΤΕΛΕΥΤΑΙΑΣ ΕΝΗΜΕΡΩΣΗΣ | |
| Πεδίο ελέγχου | 20250605164032.0 |
| 008 - FIXED-LENGTH DATA ELEMENTS--GENERAL INFORMATION | |
| Πεδίο ελέγχου σταθερού μήκους | 250528s ||||||||||||||||||||||||d |
| 035 ## - SYSTEM CONTROL NUMBER | |
| System control number | 16684 |
| 020 ## - ISBN | |
| ISBN | 9602205806 |
| 040 ## - ΠΗΓΗ ΚΑΤΑΛΟΓΟΓΡΑΦΗΣΗΣ | |
| Φορέας πρωτότυπης καταλογογράφησης | MC Athens Campus Library |
| Γλώσσα καταλογογράφησης | Ελληνικά, Μοντέρνα (1453-) |
| Modifying agency | MC Athens Campus Library |
| Κανόνες περιγραφικής καταλογογράφησης | AACR2 |
| 245 1# - ΤΙΤΛΟΣ ΚΑΙ ΔΗΛΩΣΗ ΥΠΕΥΘΥΝΟΤΗΤΑΣ | |
| Τίτλος | Ξενοδοχειάκη Λογιστική |
| 260 ## - PUBLICATION, DISTRIBUTION, ETC. | |
| Name of publisher, distributor, etc. | Πειραιάς, |
| Date of publication, distribution, etc. | 1994 |
| 300 ## - PHYSICAL DESCRIPTION | |
| Extent | 480 |
| 505 0# - FORMATTED CONTENTS NOTE | |
| Formatted contents note | Πρόλογος, Εισαγωγή, Ξενοδοχειακές Επιχειρήσεις, Οργάνωση Ξενοδοχειακών Επιχειρήσεων, Βιβλία και Στοιχεία Ξενοδοχειακών Επιχειρήσεων, Οι Σχέσεις του Ξενοδοχείου με Διάφορες Υπηρεσίες, Οι Δείκτες στην Ξενοδοχειακή Επιχείρηση, Μελέτη Λογιστικού Σχεδίου των Ξενοδοχειακών Επιχειρήσεων, Ανάλυση και Λειτουργία των Λογαριασμών της 1ης Ομάδος, Ανάλυση και Λειτουργία των Λογαριασμών της 2ης Ομάδος, Ανάλυση και Λειτουργία των Λογαριασμών της 3ης Ομάδος, Ανάλυση και Λειτουργία των Λογαριασμών της 4ης Ομάδος, Ανάλυση και Λειτουργία των Λογαριασμών της 5ης Ομάδος, Ανάλυση και Λειτουργία των Λογαριασμών της 6ης Ομάδος, Ανάλυση και Λειτουργία των Λογαριασμών της 7ης Ομάδος, Ανάλυση και Λειτουργία των Λογαριασμών της 8ης Ομάδος, Ανάλυση και Λειτουργία των Λογαριασμών της 10ης Ομάδος, Παράδειγμα Εφαρμογής, Αναλυτική Λογιστική Εκμεταλλεύσεως, Παράδειγμα Εφαρμογής της Αναλυτικής Λογιστικής, Παράρτημα, Βιβλιογραφία. |
| 520 ## - SUMMARY, ETC. | |
| Summary, etc. | Πρόλογος, Εισαγωγή, Ξενοδοχειακές Επιχειρήσεις, Οργάνωση Ξενοδοχειακών Επιχειρήσεων, Βιβλία και Στοιχεία Ξενοδοχειακών Επιχειρήσεων, Οι Σχέσεις του Ξενοδοχείου με Διάφορες Υπηρεσίες, Οι Δείκτες στην Ξενοδοχειακή Επιχείρηση, Μελέτη Λογιστικού Σχεδίου των Ξενοδοχειακών Επιχειρήσεων, Ανάλυση και Λειτουργία των Λογαριασμών της 1ης Ομάδος, Ανάλυση και Λειτουργία των Λογαριασμών της 2ης Ομάδος, Ανάλυση και Λειτουργία των Λογαριασμών της 3ης Ομάδος, Ανάλυση και Λειτουργία των Λογαριασμών της 4ης Ομάδος, Ανάλυση και Λειτουργία των Λογαριασμών της 5ης Ομάδος, Ανάλυση και Λειτουργία των Λογαριασμών της 6ης Ομάδος, Ανάλυση και Λειτουργία των Λογαριασμών της 7ης Ομάδος, Ανάλυση και Λειτουργία των Λογαριασμών της 8ης Ομάδος, Ανάλυση και Λειτουργία των Λογαριασμών της 10ης Ομάδος, Παράδειγμα Εφαρμογής, Αναλυτική Λογιστική Εκμεταλλεύσεως, Παράδειγμα Εφαρμογής της Αναλυτικής Λογιστικής, Παράρτημα, Βιβλιογραφία. |
| 700 1# - ΠΡΟΣΘΕΤΗ ΑΝΑΓΡΑΦΗ--ΦΥΣΙΚΟ ΠΡΟΣΩΠΟ | |
| Personal name | Λεκαράκου - Νιζάμη Κατερίνα |
| 9 (RLIN) | 2772 |
| 942 ## - ADDED ENTRY ELEMENTS (KOHA) | |
| Koha item type | Books |
| Τύπος τεκμηρίου | Βιβλιοθήκη | Τρέχουσα τοποθεσία | Barcode | Αριθμός εισαγωγής | Ημερομηνία απόκτησης | Ταξιθετικό σύμβολο | Αριθμός αντιτύπου | Κατάσταση απόσυρσης | Κατάσταση χαμένου | Κατάσταση κατεστραμμένου | Μη δανεισμός | Σύνολο δανεισμών | Ημερομηνία τελευταίας εμφάνισης | Η τιμή ισχύει από |
|---|---|---|---|---|---|---|---|---|---|---|---|---|---|---|
| Books | MC Athens Campus Library | MC Athens Campus Library | 9780000021588 | 4889 | 05/06/2025 | 657.837 LEK | 1 | 05/06/2025 | 05/06/2025 |